| 000 | 00944nam a22002297a 4500 | ||
|---|---|---|---|
| 005 | 20240530110552.0 | ||
| 008 | 160721s2014 ua abh f b 000 0 ara d | ||
| 017 |
_a2013/21591 _bمصر . دار الكتب المصرية |
||
| 020 | _a9789774115066 | ||
| 040 | _aEG-CaGPL | ||
| 082 | 0 | 4 |
_221 _a910.133\ _bم ج |
| 100 | 0 | _aمحمد ابراهيم حسن | |
| 245 | 1 | 2 |
_aالجغرافيا والتخطيط / _cمحمد ابراهيم حسن ؛ اشراف على اعداده و قدم له السيد على شتا |
| 250 | _aط. 1 | ||
| 260 |
_aالقاهرة : _bالمكتبة المصرية للنشر و التوزيع ، _c2014 . |
||
| 300 |
_a276 ص. : _bايض ؛ _c24 سم . |
||
| 504 | _aيشتمل على ارجاعات ببليوجرافية | ||
| 650 | 0 | 4 | _aالجغرافيا الاقتصادية |
| 650 | 0 | 4 |
_aالجغرافيا الاقتصادية _xتخطيط |
| 700 | 0 | _aالسيد على شتا | |
| 942 |
_2ddc _cBK |
||
| 999 |
_c62480 _d62480 |
||